| 000 | 00511nam a2200157 a 4500 | ||
|---|---|---|---|
| 001 | 000035438 | ||
| 005 | 20200930074337.0 | ||
| 008 | 111031s1934 ag 000 0 spa d | ||
| 040 |
_aDO-SdBNP _bspa _cBNPHU |
||
| 082 |
_axxxx _bxxxx |
||
| 100 | 1 |
_aOts, José María _961272 |
|
| 245 | 1 | 0 |
_aInstituciones sociales de la América Española / _cJosé María Ots. |
| 260 |
_aBuenos Aires, : _bLa plata, _c1934. |
||
| 300 |
_av. ; _c23 cm. |
||
| 504 | _aIncluye referencias bibliográficas y notas al pie de las páginas | ||
| 999 |
_c34929 _d34929 |
||